Who's That Roman God? II Quiz Stats

 Plays Quiz Updated Jan 6, 2018

Challenge
Share
Tweet
Embed
Score 0/15 Timer 02:00
8 Plays Today
Question Answer Wrong Answers
Goddess of the moon Luna
93.5%
Bellona
1.1%
Trivia
0.4%
Victoria
0.4%
Goddess of luck Fortuna
93.4%
Discordia
0.7%
Flora
0.7%
Terra
0.6%
Goddess of flowers Flora
92.8%
Fortuna
1.1%
Discordia
0.6%
Luna
0.9%
God of the sun Sol
91.3%
Orcus
1.4%
Hercules
0.8%
Janus
2%
Goddess of the Earth Terra
88.2%
Victoria
0.6%
Fortuna
0.8%
Vesta
5.7%
Goddess of strife Discordia
87.8%
Flora
1.5%
Victoria
2.6%
Trivia
3.4%
God of strength Hercules
87.1%
Plutus
3.4%
Sol
1.5%
Liber
3.7%
Goddess of victory Victoria
86.1%
Vesta
6.1%
Bellona
2.7%
Flora
0.7%
Goddess of home and the hearth Vesta
78.2%
Luna
1.5%
Terra
11%
Bellona
4.7%
God of beginnings and endings Janus
72.2%
Sol
5.2%
Liber
6.7%
Orcus
11.1%
God of wine Liber
68.4%
Hercules
0.7%
Janus
16.8%
Plutus
9.5%
Goddess of war Bellona
54.6%
Trivia
1.7%
Vesta
13.8%
Discordia
25.3%
God of wealth Plutus
53.9%
Janus
18.2%
Orcus
21.9%
Hercules
1.4%
Goddess of magic Trivia
47.4%
Discordia
11.6%
Luna
7.6%
Fortuna
28.8%
God of the underworld Orcus
33.9%
Liber
2.4%
Plutus
57.2%
Sol
2.1%

You're not logged in!

Compare scores with friends on all Sporcle quizzes.
OR
Log In

You Might Also Like...

Show Comments

Extras

Top Quizzes Today


Score Distribution

Your Account Isn't Verified!

In order to create a playlist on Sporcle, you need to verify the email address you used during registration. Go to your Sporcle Settings to finish the process.

Report this User

Report this user for behavior that violates our Community Guidelines.

Details: